000 00595nam a2200217 a 4500
999 _c6683
_d6683
001 6683
003 BD-JhCC
005 20180130174218.0
008 180128s1988 ii |||| || | 000 0 eng d
035 _a(BD-JhCC)6683
040 _aBD-JhCC
_dBD-JhCC
041 _aeng
082 _a428.1
_bLEW 1988
100 _aLewis, Norman
245 _aWord power made easy :
_b the complete handbook for building a superior vocabulary /
_cNorman Lewis,
260 _aIndia :
_bGoyal Saab Publishers,
_c1988
300 _a527 p. :
_c18 cm.
650 _aVocabulary
942 _2ddc
_cBK